000 00358nam a2200121Ia 4500
008 220615s9999||||xx |||||||||||||| ||und||
245 0 _aCurrent Management of Malignant Melanoma
546 _aEnglish[eng]
650 _aOncology
700 _aCao, Ming Y.
856 _uhttps://mts.intechopen.com/storage/books/245/authors_book/authors_book.pdf
942 _cEB
999 _c17043
_d17043